Score 0/14 Timer 01:30
2 Plays Today
Clue 4-Letter Word % Correct
Direct one's gazeLOOK
89%
Piece of hairLOCK
88.5%
Not have enoughLACK
85.4%
Temporarily giveLEND
80.7%
•____ [Rung 6] [Rung 14], Lee Oswald's killer•JACK
77.8%
Element of atomic number 82LEAD
70.4%
Silly or foolish personLOON
65.2%
Clue 4-Letter Word % Correct
Tear into piecesREND
62.3%
•[Rung 1] [Rung 6] ____, Lee Oswald's killer•RUBY
61.3%
Slope or inclineLEAN
56.2%
Belgian surrealist artist ____ MagritteRENÉ
46.6%
•[Rung 1] ____ [Rung 14], Lee Oswald's killer•LEON
46.3%
Country bumpkinRUBE
45.9%
Mystic alphabetic characterRUNE
39.3%

Today's Daily Dose

Remove Ads.
Support Sporcle.
Get the best of Sporcle when you Go Orange. This ad-free experience offers more features, more stats, and more fun while also helping to support Sporcle. Thank you for becoming a member.

You're not logged in!

Compare scores with friends on all Sporcle quizzes.
OR
Log In

Show Comments

Extras

Top Quizzes Today


Score Distribution

Your Account Isn't Verified!

In order to create a playlist on Sporcle, you need to verify the email address you used during registration. Go to your Sporcle Settings to finish the process.

Report this User

Report this user for behavior that violates our Community Guidelines.

Details: